Families and children with special needs : (Record no. 5663)
[ view plain ]
| 000 -LEADER | |
|---|---|
| fixed length control field | 00890nam a22002177a 4500 |
| 003 - CONTROL NUMBER IDENTIFIER | |
| control field | OSt |
| 005 - DATE AND TIME OF LATEST TRANSACTION | |
| control field | 20251112150019.0 |
| 008 - FIXED-LENGTH DATA ELEMENTS--GENERAL INFORMATION | |
| fixed length control field | 251112b |||||||| |||| 00| 0 eng d |
| 020 ## - INTERNATIONAL STANDARD BOOK NUMBER | |
| International Standard Book Number | 0135700035 |
| 040 ## - CATALOGING SOURCE | |
| Original cataloging agency | DWCL-Main lib |
| Transcribing agency | OC |
| 082 ## - DEWEY DECIMAL CLASSIFICATION NUMBER | |
| Edition number | 1st edition. |
| Classification number | Prof. 371.904 F198 2006 |
| 100 ## - MAIN ENTRY--PERSONAL NAME | |
| Personal name | Tom, Smith E.C. ... [ET. AL] |
| 245 ## - TITLE STATEMENT | |
| Title | Families and children with special needs : |
| Remainder of title | Professional and Family Partnership |
| Statement of responsibility, etc. | Tom, Smith E.C. ... [ET. AL] |
| 260 ## - PUBLICATION, DISTRIBUTION, ETC. | |
| Place of publication, distribution, etc. | N. J. : |
| Name of publisher, distributor, etc. | Pearson Education Inc., |
| Date of publication, distribution, etc. | c2006. |
| 300 ## - PHYSICAL DESCRIPTION | |
| Extent | xvi, 268 pages : |
| Other physical details | illustrations ; |
| Dimensions | 24 cm. |
| 504 ## - BIBLIOGRAPHY, ETC. NOTE | |
| Bibliography, etc. note | Includes bibliographical references & index. |
| 650 ## - SUBJECT ADDED ENTRY--TOPICAL TERM | |
| Source of heading or term | 1. Children with disabilities-Services of-United States. |
| 650 ## - SUBJECT ADDED ENTRY--TOPICAL TERM | |
| Source of heading or term | 2. Children with disabilities-United States-Family relationships. |
| 650 ## - SUBJECT ADDED ENTRY--TOPICAL TERM | |
| Source of heading or term | 3. Special education-United States-Parent participation. |
| 942 ## - ADDED ENTRY ELEMENTS (KOHA) | |
| Source of classification or shelving scheme | Dewey Decimal Classification |
| Koha item type | Professional Collections |
| Edition | 1st edition |
| Call number prefix | Pc. |
| Suppress in OPAC | No |
| 952 ## - LOCATION AND ITEM INFORMATION (KOHA) | |
| -- | |
| Withdrawn status | Lost status | Source of classification or shelving scheme | Damaged status | Not for loan | Home library | Current library | Shelving location | Date acquired | Source of acquisition | Cost, normal purchase price | Total Checkouts | Full call number | Barcode | Date last seen | Copy number | Price effective from | Koha item type | Uniform Resource Identifier |
|---|---|---|---|---|---|---|---|---|---|---|---|---|---|---|---|---|---|---|
| Dewey Decimal Classification | College Library | College Library | Circulation | 09/09/2008 | Donation | 0.00 | Pc. 371.904 F198 2006 | 46151 | 11/12/2025 | c1 | 11/12/2025 | PROF. |